00000000nam 2200000zi 4500
0019.927207
003CaOODSP
00520250129150258
006m     o  d f      
007cr |n|||||||||
008230913s1986    onca    o    f|0| 0 eng d
040 |aCaOODSP|beng|erda|cCaOODSP
043 |an-cn---|an-us
0861 |aEn14-526/1986E-PDF
24500|aCanada-U.S.A. Agreement on the Transboundary Movement of Hazardous Waste.
264 1|a[Ottawa] : |bEnvironment Canada = Environnement Canada, |c[1986]
300 |a1 online resource (3 unnumbered pages) : |billustrations
336 |atext|btxt|2rdacontent
337 |acomputer|bc|2rdamedia
338 |aonline resource|bcr|2rdacarrier
500 |aDigitized edition from print [produced by Environment and Climate Change Canada].
650 0|aHazardous substances|xTransportation|xLaw and legislation|zCanada.
650 0|aHazardous substances|xTransportation|xLaw and legislation|zUnited States.
650 6|aSubstances dangereuses|xTransport|xDroit|zCanada.
650 6|aSubstances dangereuses|xTransport|xDroit|zÉtats-Unis.
7101 |aCanada. |bEnvironment Canada, |eissuing body.
85640|qPDF|s1.71 MB|uhttps://publications.gc.ca/collections/collection_2025/eccc/En14-526-1986-eng.pdf